| 000 | 00965cam a2200301 a 4500 | ||
|---|---|---|---|
| 008 | |||
| 020 | _a0471058769 (hbk.) | ||
| 049 | _aMAIN | ||
| 090 |
_aRC347 _bBUR |
||
| 100 | 1 | _aBurger, Peter C. | |
| 245 | 1 | 0 |
_aSurgical pathology of the nervous system and its coverings / _cPeter C. Burger and F. Stephen Vogel. |
| 250 | _a2nd ed. | ||
| 260 |
_aNew York : _bWiley, _cc1982. |
||
| 300 |
_axiii, 739 p. : _bill. ; _c27 cm. |
||
| 440 | 2 | _aA Wiley medical publication. | |
| 500 | _aIncludes index. | ||
| 504 | _aIncludes bibliographical references. | ||
| 650 | 0 |
_aNervous system _xDiseases _xDiagnosis. |
|
| 650 | 0 | _aPathology, Surgical. | |
| 650 | 2 |
_aNervous system diseases _xPathology. |
|
| 650 | 2 | _aPathology, Surgical. | |
| 700 | 1 |
_aVogel, F. Stephen _q(Francis Stephen). |
|
| 907 |
_a.b10393262 _b18-10-18 _c18-10-18 |
||
| 003 | |||
| 005 | 20230120204230.0 | ||
| 040 | _cNUST | ||
| 942 |
_cBOOKS _kRC347 _mBUR |
||
| 999 |
_c119514 _d119514 |
||